000 00977nam a22002417i 4500
999 _c22781
_d22781
003 AR-CdUCM
008 240305b20072007pe ||||| |||| 00| 0 spa d
040 _aMUNICIPALIDAD PROVINCIAL DEL CUSCO
_cBIBLIOTECA MUNICIPAL DEL CUSCO
041 _hspa
082 _a349.853 / T52
_bT52
100 _aTicona Huamán, Jacinto
_949420
245 _aAdministración de Justicia Comunitaria en el Sur Andino Peruano /
260 _aSicuani-Cusco :
_c2007
300 _a52 páginas. :
_c21 cm.
500 _zBibliografía: página 52
505 _aRondas campesinas -- Derechos de las Rondas Campesinas -- Implementos que utilizan -- Límites de la justicia comunitaria -- Usos y costumbres de la Cultura Andina -- Autodefensas Comunales.
650 _aAcceso a la justicia
_949421
650 _aRondas campesinas
_938093
650 _aTipos de rondas
_949422
650 _aLímites y funciones de las rondas campesinas
_949423
942 _2ddc
_cLIBROS
945 _apbj
_d05-03-2024